书目信息 |
| 题名: |
历史研究的理论与方法
|
|
| 作者: | ;红旗杂志社 编 | |
| 分册: | ||
| 出版信息: | 北京 红旗出版社 1983.9 |
|
| 页数: | 432页 | |
| 开本: | 20cm | |
| 丛书名: | ||
| 单 册: | ||
| 中图分类: | K061 , K06 | |
| 科图分类: | ||
| 主题词: | 历史--研究方法 | |
| 电子资源: | ||
| ISBN: | ||
| 000 | 00567nam0 2200205 45 | |
| 001 | 0312221749 | |
| 005 | 20080927150755.07 | |
| 010 | @dCNY1.15 | |
| 100 | @a20031222d1983 km y0chiy0120 ea | |
| 101 | @achi | |
| 105 | @a z 000yy | |
| 200 | 1 | @a历史研究的理论与方法@ALi Shi Yan Jiu De Li Lun Yu Fang Fa@f红旗杂志社编@FHong Qi Za Zhi She Bian |
| 210 | @a北京@c红旗出版社@d1983.9 | |
| 215 | @a432页@d20cm | |
| 606 | 0 | @a历史@x研究方法 |
| 690 | @aK061@v3 | |
| 690 | @aK06@v4 | |
| 711 | 02 | @a红旗杂志社@4编 |
| 801 | @aCN@bTSTCL@c20080927 | |
| 905 | @dK06@e6@b171713@f1 | |
| 历史研究的理论与方法/红旗杂志社编.-北京:红旗出版社,1983.9 |
| 432页;20cm |
| ISBN :CNY1.15 |
| ● |
| 相关链接 |
|
|
|
|
正题名:历史研究的理论与方法
索取号:K06/6
 
预约/预借
| 序号 | 登录号 | 条形码 | 馆藏地/架位号 | 状态 | 备注 |
| 1 | 0171712 | 001418415 | 密集书库/ [索取号:K06/6] | 在馆 | |
| 2 | 0171713 | 002033999 | 密集书库/ [索取号:K06/6] | 在馆 | |
| 3 | 0171714 | 001418424 | 密集书库/ [索取号:K06/6] | 在馆 |